000 00280nam a22001337a 4500
008 170204b xxu||||| |||| 00| 0 eng d
020 _a9780781779104
041 _aeng
080 _a61
100 _a3
101 _aSHM
245 _aASSESSMENT
_cSCHILLING, J.A
942 _2udc
_cBK
999 _c4672
_d4672